| 000 | 00767nam a2200253 a 4500 | ||
|---|---|---|---|
| 001 | BRCA_6987 | ||
| 005 | 20190320205652.0 | ||
| 008 | 231111s1943----it-a######---#000-0#eng-# | ||
| 041 | _aeng | ||
| 044 | _ait | ||
| 050 | 4 |
_aNC258 _b.G8 P34 1943 |
|
| 245 | 1 | 0 |
_aGuardis Zeichnungen im Museum Correr zu Venedig _cRodolfo Pallucchini. |
| 260 |
_aVenecia, Italia _bD. Guarnati _c1943 |
||
| 300 |
_a251 p. _bil., 172 láminas _c?? cm. |
||
| 500 | _aEjemplar numerado 749 de 5000 | ||
| 500 | _aO221 | ||
| 600 | 1 | 4 |
_aGuardi, Francesco _d1742-1793 _917390 |
| 650 | 1 | 4 |
_aGuardi, Familia _917391 |
| 650 | 1 | 4 |
_aGalerías y museos _zItalia _97703 |
| 650 | 1 | 4 |
_aDibujantes italianos _917392 |
| 710 | 2 |
_aMuseo Cívico Correr (Venecia) _917393 |
|
| 902 | _aGFM | ||
| 942 |
_2lcc _cB |
||
| 999 |
_c6668 _d6668 |
||